The Potato Quiz - Statistics

General Stats
  • This quiz has been taken 30,370 times
  • The average score is 10 of 16
Answer Stats
Hint Answer % Correct
Country that suffered from a great potato famine in the 1840s Ireland
95%
Term for a lazy person {Couch} Potato
83%
Americans call it a potato chip. What do British people call it? Crisp
82%
Mineral with chemical symbol K that potatoes are rich in Potassium
80%
U.S. state which produces the most potatoes Idaho
77%
Slang word for potato starting with S Spud
75%
Canadian delicacy consisting of fries, gravy, and cheese curds Poutine
67%
Country whose national dish "moules-frites" consists of mussels and fries Belgium
61%
Common beverage typically made with wheat, but sometimes made with potatoes Vodka
61%
Spanish word for potato Papa
60%
Complete the palindrome: Sit on a potato pan ___ Otis
57%
Part of the human body that can be found on a sprouting potato Eye
56%
How Dan Quayle spelled potato, correcting a child who had spelled it correctly Potatoe
55%
Mountain range that potatoes came from originally Andes
54%
T word that refers to root vegetables such as potatoes and yams Tuber
47%
Painter who painted "The Potato Eaters" in 1885 Vincent Van Gogh
32%
No matching quizzes found
Score Distribution
Percent of People with Each Score
Percentile by Number Answered
Your Score History
You have not taken this quiz